000 01147nam a2200229Ia 4500
003 Ost
005 20260507075358.0
008 260507s9999||||xx |||||||||||||| ||und||
020 _a571124995797
040 _cfsecg
041 _aara
082 _a600
100 _aالجابري، نايف
_eمؤلف
245 0 _aالإدارة الإستراتيجية في المنشآت الصناعية :
_bالتخطيط-التنفيذ-التقييم /
_c نايف الجابري
260 _aعمان:
_bداراليازوري العلمية للنشر والتوزيع,
_c2013
300 _a157 صفحة؛
_bإيضاحات ؛
_c25 سم
520 _aيضم مدخل إلى الادارة الاستراتيجية، مستويات الادارة الثلاث والخيارات الاستراتيجية، التخطيط الاستراتيجي ، الأهداف الاستراتيجية والاستراتيجيات ، الخطة الاستراتيجية التنفيذية تقييمها ومتابعتها
653 _aالإدارة
653 _aالإدارة الصناعية
653 _aالمنشآت- إدارة
942 _cكتاب
999 _c44256
_d44256